| 000 | 01551nam a2200385 a 4500 | ||
|---|---|---|---|
| 001 | 000113994 | ||
| 003 | CHAP | ||
| 005 | 20220329144422.0 | ||
| 008 | 171017s2017 mx a fsm |||||||spa d | ||
| 010 | _a110455 | ||
| 011 | _a111427 | ||
| 040 | _cCHAP | ||
| 090 | _aTesis | ||
| 100 | 1 |
_aAguilera Blanco, Ana María _9133821 |
|
| 245 | 1 | 0 |
_aIdentificación y evaluación de fungicidas in vitro de pudrición morena (Monilinia fructicola (Winter) Honey) en durazno (Prunus persica (L) Batsch) / _h[En línea] _cpor Ana María Aguilera Blanco. |
| 260 |
_aChapingo, Méx. : _bEl autor, _c2017. |
||
| 500 | _aPara ver el contenido del material haga clic en la liga | ||
| 502 | _aTesis (Ing. Agr. Esp. en Parasitología Agrícola) -- UACH. Departamento de Parasitología Agrícola | ||
| 590 |
_aBATCH _b00 _c20181121 _lUCH01 _h0758 |
||
| 590 |
_aE8697GMM _b05 _c20171017 _lUCH01 _h0952 |
||
| 590 |
_aE8697GMM _b05 _c20171017 _lUCH01 _h1011 |
||
| 590 |
_aE8697GMM _b05 _c20171017 _lUCH01 _h1206 |
||
| 590 |
_aE8697GMM _b05 _c20171017 _lUCH01 _h1207 |
||
| 590 |
_aE8697GMM _b05 _c20171017 _lUCH01 _h1213 |
||
| 650 | 1 | 4 |
_aDurazno _xEnfermedades por hongos. _934595 |
| 650 | 1 | 4 |
_aFungicidas _xAplicación. _9126604 |
| 650 | 1 | 4 |
_aMonilinia fructicola _xFisiología y morfología. _9133820 |
| 650 | 1 | 4 |
_aMonilinia fructicola _xIdentificación. _9133819 |
| 650 | 1 | 4 |
_aPudrición de la raíz _xDurazno. _9129659 |
| 856 |
_a1 _n0000123 |
||
| 856 |
_aFinding aid _uhttp://10.13.5.2/tesis/sist113994.pdf _zTeclea aquí |
||
| 901 | _aBK | ||
| 942 | _cTESIS | ||
| 942 | _n0 | ||
| 999 |
_c110455 _d110455 |
||